00589nam a22001697a 4500008004100000040005500041080001200096100002000108245003700128260006000165300001000225650001200235653001200247942001200259999001700271952013100288230511b |||||||| |||| 00| 0 eng d aNational Science LibrarycNational Science Library a575bM9 aLevy, Stuart B  aGene transfer in the environment aNew York: bThe Macmillan Publishing Company, c1989 a434p. aScience aBiology 2udccBK c29530d29530 00102udc406575_M970944293aNSLbNSLcGF/Rk-10/C-9/R-1d2023-05-12l0o575 M9p185797r2023-05-12 00:00:00w2023-05-12yBK